[Event "MK Cafe Cup-A"]
[Site "Koszalin"]
[Date "1999.08.08"]
[Round "6"]
[White "Ibragimov, Ildar"]
[Black "Kogan, Artur"]
[Result "1-0"]
[WhiteElo "2554"]
[BlackElo "2518"]
[Annotator "Alterman,B"]
[PlyCount "87"]
[EventDate "1999.08.03"]
[EventType "swiss"]
[EventRounds "9"]
[EventCountry "POL"]
[SourceTitle "CBM 073"]
[Source "ChessBase"]
[SourceDate "1999.12.01"]
[SourceVersion "1"]
[SourceVersionDate "1999.12.01"]
[SourceQuality "1"]

1. Nf3 Nf6 2. c4 c5 3. Nc3 e6 4. e3 d5 5. d4 a6 6. a3 dxc4 7. Bxc4 b5 8. Ba2 (
8. Be2 Bb7 9. O-O Nbd7 10. dxc5 Nxc5 (10... Bxc5 11. b4 Be7 12. Nd4 O-O 13. Bb2
Qb6 14. Nb3 Rac8 15. Rc1 Rfd8 {1/2-1/2 Karpov,A-Miles,A/Luzern 1985/MCD (15)})
11. b4 Qxd1 12. Rxd1 Nb3 13. Rb1 Nxc1 14. Rbxc1 Be7 15. Nd4 O-O 16. Ncxb5 axb5
17. Rc7 Be4 18. Rxe7 Nd5 19. Rd7 Nc3 20. Rc1 {1/2-1/2 Yandemirov,V-Taborov,B/
Kostroma 1985/MCD (43)}) 8... Bb7 9. O-O Nbd7 (9... Be7 10. Qe2 O-O 11. Rd1
cxd4 12. Nxd4 Qc7 13. e4 Nc6 14. Be3 Nxd4 15. Bxd4 Rad8 16. Rac1 Qb8 17. e5 Nd5
18. Ne4 Nf4 19. Qe3 Ng6 20. Nc5 {1-0 Tsiganova,M-Maksimovic,S/Kishinev 1995/
EXT 97 (39)}) (9... b4 10. axb4 cxb4 11. Ne2 Nbd7 12. Bb1 Bd6 13. b3 Qc7 14. h3
O-O 15. Bb2 Ne4 16. Bd3 Rfc8 17. Nd2 Nxd2 18. Qxd2 a5 19. Rfc1 Qd8 20. Rxc8
Qxc8 21. Qc2 {1/2-1/2 Szypulski,A-Szymczak,Z/Czestochowa 1984/EXT 99 (32)}) (
9... cxd4 10. exd4 Be7 11. Re1 O-O 12. Bg5 Nbd7 13. d5 exd5 14. Nxd5 Bxd5 15.
Bxd5 Nxd5 16. Qxd5 Bxg5 17. Nxg5 Nf6 18. Qb3 Qd5 19. Qxd5 {1/2-1/2 Andersson,
U-Seirawan,Y/Tilburg 1992/CBM 32 (29)}) 10. Re1 (10. d5 exd5 11. Nxd5 c4 12. e4
Nxd5 13. exd5 Be7 14. d6 Bf6 15. Re1+ Kf8 16. Bf4 h6 17. Ne5 Nc5 18. d7 Ne6 19.
Ng6+ fxg6 20. Rxe6 Kf7 21. Qg4 {0-1 Livner,A-Norqvist,J/Stockholm 1998/CBM 65
ext (31)}) (10. e4 cxd4 11. Nxd4 Bc5 12. Be3 O-O 13. f3 Ne5 14. Bf2 Qd6 15. Nb3
Bxf2+ 16. Rxf2 Qc7 17. Rc1 Nc4 18. Nd4 Rfd8 19. Bxc4 bxc4 20. Rd2 Nd7 21. Na4
Ne5 22. b4 a5 23. Qc2 axb4 24. axb4 h6 25. Nc5 Qb6 26. Rb1 {1-0 Hoi,
C-Petursson,M/Reykjavik 1981/MCD (54)}) 10... Qb8 $6 {Dubious move .Better was}
(10... Be7 $1) 11. d5 c4 12. e4 Bc5 $6 (12... Bd6 13. b3 $1 cxb3 14. Bxb3 e5
15. Nh4 g6 16. Bh6) 13. b4 $1 (13. b3 Ng4 14. Re2 Nde5 $17) 13... Bd6 14. Bg5
Ne5 (14... O-O 15. Bxf6 gxf6 16. g3) 15. g3 O-O 16. Bxf6 gxf6 17. Nxe5 Bxe5 18.
Rc1 Bxc3 {Black should to centralizate his Queen,Doesn't help} (18... Qd6 19.
Bb1 $1 $36 {White has strong attack.} (19. Qg4+ Kh8 20. Red1 Rad8)) 19. Rxc3
Qe5 20. Rf3 {[%csl Rg8]} a5 $6 (20... Rad8 $1 $13 {[%mdl 2064] Was much
stronger.Black tried to develop initiative in the Queen side,but King side is
more important.}) 21. bxa5 Rxa5 22. Bb1 c3 23. dxe6 fxe6 24. Qd7 $36 Bc8 25.
Qe7 Ra4 26. Rd3 Rc4 27. f4 Qb8 $5 (27... Qh5 28. Ba2 Rc6 29. Qb4 $1 (29. f5 c2
30. Rc1 (30. Rd8 Qf7 $1) 30... Qh6) 29... c2 30. Rc1 $16) 28. Ba2 Qb6+ 29. Kg2
c2 $2 {[%mdl 8192] Last mistake ,after} (29... Rc7 $1 30. Qb4 c2 31. Rc1 $14 {
White is better ,but position is very complicated.}) 30. Bxc4 bxc4 31. Rd2 Qb2
32. Ree2 $1 $18 {[%csl Rc2][%cal Gd2b2]} (32. Qb4 c3 33. Qxb2 cxd2 34. Qa1 Bb7
$1 $17) 32... Rf7 33. Rxc2 Qb5 34. Qb4 Qa6 35. Qxc4 Qxc4 36. Rxc4 Ba6 37. Rec2
Bxc4 38. Rxc4 Rd7 39. h4 Rd3 40. a4 Ra3 41. h5 Kg7 42. Kh3 Kh6 43. Kh4 Ra1 44.
Rc6 1-0

[Event "ISR-chT"]
[Site "Israel"]
[Date "1999.05.08"]
[Round "11"]
[White "Birnboim, Nathan"]
[Black "Alterman, Boris"]
[Result "0-1"]
[WhiteElo "2390"]
[BlackElo "2615"]
[Annotator "Alterman,B"]
[PlyCount "96"]
[EventDate "1999.01.??"]
[EventType "team"]
[EventRounds "11"]
[EventCountry "ISR"]
[SourceTitle "CBM 071"]
[Source "ChessBase"]
[SourceDate "1999.08.01"]
[SourceVersion "1"]
[SourceVersionDate "1999.08.01"]
[SourceQuality "1"]

1. d4 d5 2. c4 dxc4 3. e3 Nf6 4. Bxc4 e6 5. Nf3 c5 6. O-O a6 7. a4 Nc6 8. Nc3
Be7 9. Qe2 O-O (9... cxd4 10. Rd1 e5 11. exd4 exd4 12. Nxd4 Nxd4 13. Qe5 Qd6
$11) 10. Rd1 Qc7 11. h3 Rd8 $1 12. d5 exd5 13. Bxd5 Nb4 14. e4 Nfxd5 15. Nxd5
$6 {[%mdl 16384] Looks dubious.} (15. exd5 $1 Bf5 16. Bf4 Qxf4 (16... Bd6) 17.
Qxe7 b6 18. a5 Re8 19. Qh4 Qxh4 20. Nxh4 Bc2 21. Rd2 bxa5 22. Rxa5 Rac8 23. Na2
g6 24. Nxb4 cxb4 25. Rxa6 Re1+ 26. Kh2 b3 {1/2-1/2 Reshevsky,S-Fine,R/
Semmering/Baden 1937/HCL 22 (57)}) 15... Nxd5 16. exd5 Bf5 $1 (16... h6 17. Be3
b6 18. Qc4 Bd6 19. Rac1 a5 20. Qh4 Bb7 21. Rc4 Qe7 22. Qh5 Qf6 23. b3 Re8 24.
Rh4 Qg6 25. Nd2 Qxh5 26. Rxh5 g6 27. Rxh6 Bf8 28. Rh4 Bxd5 29. Nc4 Be7 30. Rg4
Be6 31. Rg3 {0-1 Allen,A-Le Thi Phuong Lien/FSIM B Oct, Budapest HUN 1997 (46)}
) (16... Bd6 17. Nd2) 17. Qc4 (17. Bg5 Bxg5 18. Nxg5 Qd6 (18... Qf4 19. Qd2
Qxd2 20. Rxd2 h6 21. Nf3 Rd6 22. Rc1 Rad8 23. Rxc5 Be4 24. Rc3 Rxd5 25. Rxd5
Bxd5 26. Rd3 Kf8 27. Nd4 {1/2-1/2 Flohr,S-Fine,R/Semmering/Baden 1937/HCL 22 
(30)}) 19. Rac1 Rac8 20. Rc3 Qg6 21. Rg3 Re8 22. Qc4 Qd6 23. Qc3 f6 24. Nf3 Re4
25. a5 h5 26. Nh2 {0-1 Oblitas,C-Granda Zuniga,J/PER-ch 1994/EXT 94ch (36)}) (
17. Ne5 f6 (17... Re8 18. Nc4 Bf8 19. Be3 Rad8 20. Qd2 Re4 21. Qc3 Qe7 22. Rac1
Qh4 23. f3 Ree8 24. Qd2 Be7 25. Qf2 b5 26. axb5 axb5 27. Na5 Qxf2+ 28. Kxf2 c4
29. Nc6 Rd7 30. Nxe7+ Rdxe7 31. Re1 {1/2-1/2 Vragoteris,A-Gyimesi,Z/EuClub Cup
qual Gp 1997 (33)}) 18. Nc4 Bd6 19. a5 Re8 20. Be3 Bh2+ 21. Kh1 Rad8 22. Qd2
Be5 23. Nxe5 Qxe5 24. Rac1 Be4 25. Rxc5 Qf5 26. Kh2 Re5 27. Qb4 Bxd5 28. Qf4 {
Galic,Z-Ascic,A/Croatian Teams, Porec CRO 1998/1-0 (89)}) (17. a5 Bd6 18. Be3
Re8 (18... Rac8 19. Nh4 Bd7 20. Qc2 Bh2+ 21. Kh1 Bf4 22. Nf5 Bxf5 23. Qxf5 Bxe3
24. fxe3 Qd6 25. e4 Re8 26. Ra4 {1-0 Burger,K-Dlugy,M/Midwest Masters op 1989/
EXT 89op2 (38)}) 19. Nd2 Bd7 20. Nc4 Bb5 21. Qc2 Bxc4 22. Qxc4 Rac8 23. Qc2 Qe7
24. Ra4 Qe5 25. Bf4 Qf6 26. Bxd6 Qxd6 27. Re4 g6 28. b3 Rxe4 29. Qxe4 Rd8 30.
f4 Kf8 31. Qe5 f6 32. Qe4 {1/2-1/2 Langeweg,K-Filip,M/Hoogovens Beverwijk 1966/
MCD-r6 (42)}) (17. Be3 Be4 18. Bxc5 Bxf3 19. Qxe7 Rd7 20. d6 Rxe7 21. dxc7 Rxc7
22. Rdc1 Bc6 23. b4 Re8 24. Be3 Rd7 25. Rc5 Rd5 {1/2-1/2 Lin Weiguo-Brunner,L/
WchT Luzern 1993/CBM 38}) 17... Bd6 18. Bd2 (18. Be3 b6 19. Rac1 Qb7 20. Qb3
Rac8 21. Nd2 Bf8 22. Nc4 Rxd5 23. Qxb6 Qd7 24. Qb3 Rd8 25. Rxd5 Qxd5 26. Na5 c4
27. Nxc4 Rc8 28. Qc3 {1-0 Blagojevic,D-Drasko,M/JUG-chT 1989/TD 89\07 (40)})
18... Re8 19. Re1 Qd7 20. a5 Qb5 21. Qxb5 (21. b3 Bd3 22. Qxb5 axb5 23. Rxe8+
Rxe8 24. a6 Ra8 25. a7 Bc2 $17) 21... Rxe1+ (21... axb5 22. Rxe8+ Rxe8 23. a6
Ra8 24. a7 Be4 $13) 22. Qf1 (22. Nxe1 axb5 $17) 22... Rxf1+ 23. Rxf1 Be4 24.
Be3 f6 $1 {[%mdl 4096] Black has clear advantage in the endgame:Pair of
bishops and weak white's pawn on d5.First of all  white's idea was to play Ng5
,second- my king will go to the centre .Pawn on d5 still very weak.} (24...
Bxd5 $2 25. Rd1 Bxf3 26. Rxd6 $11) 25. Rc1 Rc8 26. Nd4 (26. Rd1 Kf7 (26... Rd8
27. Rc1 Bxd5 28. Bxc5 Rc8 29. b4 $15) 27. Nd2 Bd3 28. Nf3 Bc2 29. Rd2 Bb3 $17)
26... Bxd5 27. Nf5 Bf8 {[%mdl 2048]} 28. Bf4 g6 29. Nh6+ Kg7 30. Ng4 Kf7 31.
Rd1 Be6 32. Nh6+ Ke8 33. Ng4 Be7 (33... Bxg4 34. hxg4 Rd8 35. Re1+ Kf7 36. f3
Rd3 $17) 34. Re1 Rc6 35. Bd2 h5 36. Ne3 Kf7 37. g4 hxg4 38. hxg4 Rc8 39. Bc3
Bd6 40. Kg2 Rh8 41. Kf3 Rh3+ 42. Ke4 (42. Kg2 Rh2+ 43. Kf3 Bd7 44. Nc4 Bc7 $19
{[%cal Gd7c6]}) 42... Rh4 43. Rd1 (43. Kf3 Bd7 44. Rd1 Bc6+ 45. Ke2 Ke6 $5 46.
Bxf6 Rh3 $19) 43... f5+ 44. Kf3 fxg4+ 45. Kg2 Bc7 46. Nd5 Bb8 47. Nf6 Bf5 48.
Rd5 Rh3 0-1

[Event "Reggio Emilia 9697 39th"]
[Site "Reggio Emilia"]
[Date "1997.01.03"]
[Round "8"]
[White "Efimov, Igor"]
[Black "Godena, Michele"]
[Result "1-0"]
[WhiteElo "2510"]
[BlackElo "2550"]
[Annotator "Alterman,B"]
[PlyCount "75"]
[EventDate "1996.12.26"]
[EventType "tourn"]
[EventRounds "9"]
[EventCountry "ITA"]
[EventCategory "11"]
[SourceTitle "CBM 057"]
[Source "ChessBase"]
[SourceDate "1997.04.01"]
[SourceVersion "1"]
[SourceVersionDate "1997.04.01"]
[SourceQuality "1"]

1. d4 d5 2. Nf3 Nf6 3. c4 dxc4 4. e3 e6 5. Bxc4 c5 6. O-O a6 7. Bb3 Nc6 (7...
Nbd7 8. e4 Nxe4 9. Re1 Nd6 (9... Nef6 10. d5 Nb6 11. dxe6 Bxe6 12. Qxd8+ Rxd8
13. Bxe6 fxe6 14. Ng5 c4 $5 $13 {Epishin,V-Sherbakov,R/Elista RUS-ch (10) 1996/
1/2-1/2 (64)}) (9... Ndf6 $6 10. Bc2 Qd5 11. Qe2 Nd6 12. Nc3 Qc6 13. Bf4 cxd4
14. Nxd4 $16 {Romanishin,O-Baburin,A/Linares/1996/1|0/25/}) (9... c4 $5 10.
Bxc4 Nd6 11. Bb3 Be7 12. Nc3 O-O 13. Bf4 b5 14. Qe2 Re8 15. Rad1 Bf8 $13 {
Garcia,R-Spangenberg,H/Lomas de Zamora/1995/0|1/36/}) 10. d5 e5 11. Nxe5 Nxe5
12. Rxe5+ Be7 13. Qe1 b6 14. Re2 Ra7 15. Bg5 Bf5 16. Nc3 c4 17. Bc2 Bxc2 18.
Rxc2 O-O $10 {Yermolinsky,A-Lesiege,A/North Bay/1994/1|0/61/}) 8. Nc3 Be7 9.
dxc5 Bxc5 10. Qxd8+ Kxd8 (10... Nxd8 11. e4 $14) 11. e4 Nd7 12. Bf4 Ke7 13.
Rad1 f6 14. Na4 $14 (14. Bc7 $5) 14... e5 $1 15. Bd2 (15. Nxc5 Nxc5 16. Be3
Nxb3 17. axb3 Be6) 15... Ba7 16. Nc3 Nc5 17. Nd5+ Kf8 18. Bc2 (18. Nc7 Rb8 19.
Bb4 $1 $14) 18... Bg4 19. Rc1 Ne7 (19... Bxf3 20. gxf3 Nd4 $10) 20. Bb4 Nxd5
21. exd5 Kf7 (21... Bxf3 22. gxf3 Kf7 23. Rfd1 $14) 22. Nd2 (22. Bd1 $1 Nd3 23.
Rc7+ Kg6 24. Bc2 e4 25. Rxb7 Rhd8 (25... Rhb8 26. Rxb8 Rxb8 27. Bc3 Rd8 28. Nd2
Rxd5 29. Nxe4 $16) 26. d6 $36) 22... Rhd8 23. h3 Be2 24. Rfe1 (24. Bxc5 Bxc5
25. Rfe1 $10) 24... Bb5 $10 (24... Nd3 25. Bxd3 Bxd3 26. Rc7+ Kg6 27. Rxb7 Rxd5
28. Rc1 a5 $15) 25. Bb1 (25. Ne4 b6 26. Bxc5 bxc5 27. Nc3 $10) 25... Rac8 (
25... Rxd5 $5 26. Ne4 Nd3 27. Bxd3 Bxd3 28. Rc7+ Kg6 29. Rxb7 a5 30. Nc3 Rdd8
31. Bxa5 Bxf2+ 32. Kxf2 Rxa5 $15) 26. Bf5 $2 (26. Ne4 Nxe4 (26... Rxd5 27. Nxc5
Rdxc5 28. Bxc5 Bxc5 $16) 27. Bxe4 Rc4 28. Ba3 $10) 26... Rc7 $4 {Black lets it
slip away} (26... Nd3 $1 27. Bxd3 (27. Be6+ Ke8 28. Rxc8 Rxc8 29. Bxc8 Bxf2+
$19) 27... Bxd3 $15) 27. Nb3 b6 28. Nxc5 bxc5 (28... Rxc5 29. Bxc5 bxc5 30.
Be6+ Ke7 31. b3 $18) 29. Ba5 (29. Bxh7 Rxd5 30. Be4 Rd6 $10) 29... Bb8 (29...
Rcd7 $18) 30. Be6+ Ke7 31. Bxc7 Bxc7 32. Rxc5 Bb6 33. Rc2 Bd3 (33... Bd7 34.
Bxd7 Rxd7 35. Rc6 Bd4 36. Re6+ Kf7 37. Rxa6 Rxd5 $18) 34. Rc6 Bd4 (34... Rd6
35. Rec1 Bb5 36. Rxd6 Kxd6 37. Rc8 $18) 35. Rc7+ Kd6 36. Rec1 Bb5 37. b3 (37.
Rxg7 {and White can look forward to an easy win} h5 $18) 37... Bb6 $2 (37... e4
38. a4 (38. Rxg7 e3 39. f3 $18) 38... Bd3 39. R1c6+ $18) 38. R1c6+ 1-0

[Event "SRB-chT"]
[Site "Ruma"]
[Date "2017.09.06"]
[Round "6.1"]
[White "Nikolic, Predrag"]
[Black "Atalik, Suat"]
[Result "1/2-1/2"]
[WhiteElo "2598"]
[BlackElo "2537"]
[Annotator "Atalik,S"]
[PlyCount "23"]
[EventDate "2017.09.01"]
[EventType "team-tourn"]
[EventRounds "11"]
[EventCountry "SRB"]
[SourceTitle "CBM 181"]
[Source "ChessBase"]
[SourceDate "2017.11.10"]
[SourceVersion "1"]
[SourceVersionDate "2017.11.10"]
[SourceQuality "1"]
[WhiteTeam "Kac Jugovic"]
[BlackTeam "Paracin OSK"]
[WhiteTeamCountry "SRB"]
[BlackTeamCountry "SRB"]

1. d4 Nf6 2. Nf3 d5 3. c4 e6 4. Nc3 dxc4 5. e3 (5. e4 Bb4 6. Bxc4 $1 Nxe4 7.
O-O Nxc3 8. bxc3 Be7 9. Ne5 O-O 10. Qg4 Nc6 11. Re1 Kh8 $5 {is seen in
Indjic-Perunovic from the same league.}) 5... a6 6. Bxc4 b5 7. Be2 Bb7 8. O-O
Nbd7 9. a3 c5 10. dxc5 Bxc5 11. b4 Be7 12. Bb2 (12. Bb2 O-O (12... Rc8 13. Qb3
Qb6 $11) 13. Qb3 Bd6 $5 14. Rfd1 Qe7) 1/2-1/2

[Event "World op 28th"]
[Site "Philadelphia"]
[Date "2000.07.03"]
[Round "7"]
[White "Atalik, Suat"]
[Black "Lapshun, Yury"]
[Result "1/2-1/2"]
[WhiteElo "2575"]
[BlackElo "2429"]
[Annotator "Atalik,S"]
[PlyCount "99"]
[EventDate "2000.06.28"]
[EventType "swiss"]
[EventRounds "9"]
[EventCountry "USA"]
[SourceTitle "CBM 078"]
[Source "ChessBase"]
[SourceDate "2000.10.18"]
[SourceVersion "1"]
[SourceVersionDate "2000.10.18"]
[SourceQuality "1"]

1. d4 d5 2. c4 dxc4 {The ever though Queens Gambit Accepted.} 3. e3 Nf6 4. Bxc4
e6 5. Nf3 c5 6. Qe2 {I was happy to play this move which is allowed by only
this move order.} a6 7. dxc5 Bxc5 8. O-O b5 9. Bd3 Nbd7 10. e4 Bb7 11. Nc3 $5
$146 (11. a4 bxa4) (11. Bg5 $5 Qb8 {did not look satisfactory to me.}) 11...
Qb8 12. a3 {playing against Bb7.} O-O (12... Ng4 13. Bc2 $1) (12... Ne5 $2 13.
Nxe5 Qxe5 14. Bxb5+ $18) 13. Be3 Bxe3 14. Qxe3 Ng4 15. Qe2 (15. Qg5 f5) 15...
f5 16. h3 Nge5 (16... fxe4 $2 17. Bxe4 (17. hxg4 $2 exf3 18. Qxe6+ Kh8 19. Qxd7
fxg2 20. Rfe1 Qf4 $19) 17... Rxf3 18. hxg4 $16) 17. Nxe5 Qxe5 18. exf5 Qxe2 19.
Bxe2 exf5 20. Rfd1 Nf6 21. Rd6 Rfd8 22. Rb6 Ra7 $1 {Setting a devilish trap.}
23. Rd1 (23. Bxb5 $4 axb5 24. Nxb5 Nd5 25. Rd1 Rd7 $1 $19) 23... Rxd1+ 24. Bxd1
Kf8 25. Bb3 Nd7 26. Rd6 Nc5 27. Ba2 Ke7 28. Rd1 (28. Rb6 Nd3 29. b4 Nf4 30. f3
Kd7 $15) 28... Ne4 29. Ne2 Ra8 30. f3 Nd6 31. Nf4 Nc4 32. Bxc4 bxc4 33. Kf2 $6
(33. h4 $1 $14) 33... Rc8 34. Ne2 Rc5 35. Nc3 f4 36. Rd4 g5 37. Ke2 (37. Na4
Rc6 38. h4 h6 39. hxg5 hxg5 40. Rd5 Kf6 $11) 37... Bc8 38. Rd5 $2 (38. Ne4 $6
Rb5 39. Rxc4 Rxb2+ 40. Kf1 Bd7 $15) (38. h4 h6 39. hxg5 hxg5 $11) 38... Rxd5
39. Nxd5+ Kd6 $15 40. Nb6 (40. Nf6 Bf5) 40... Be6 41. Kd2 Kc5 42. Na4+ Kd4 43.
Nc3 Bf5 44. Ne2+ Kd5 (44... Ke5 45. Nc1 Kd5 46. Kc3) 45. h4 h6 46. hxg5 hxg5
47. Nc1 (47. g3 Bd3 48. Nc3+ Ke5 49. g4 Bg6 (49... Bf1 $2 50. Ne4) 50. Ke1 Kd4
(50... Kf6 51. Nd5+) 51. Kd2 $11) 47... Kd4 48. Ne2+ Kd5 49. Nc1 Kd4 50. Ne2+
1/2-1/2

[Event "Olympiad-36"]
[Site "Mallorca"]
[Date "2004.10.29"]
[Round "14"]
[White "Atalik, Suat"]
[Black "Sulskis, Sarunas"]
[Result "1/2-1/2"]
[WhiteElo "2541"]
[BlackElo "2555"]
[Annotator "Atalik,S"]
[PlyCount "58"]
[EventDate "2004.10.15"]
[EventType "team-swiss"]
[EventRounds "14"]
[EventCountry "ESP"]
[SourceTitle "CBM 104"]
[Source "ChessBase"]
[SourceDate "2005.01.27"]
[SourceVersion "1"]
[SourceVersionDate "2005.01.27"]
[SourceQuality "1"]
[WhiteTeam "Bosnia&Herzegovina"]
[BlackTeam "Lithuania"]
[WhiteTeamCountry "BIH"]
[BlackTeamCountry "LTU"]

1. d4 d5 {A surprise from my daredevil like opponent.} 2. c4 dxc4 3. Nf3 Nf6 4.
e3 e6 5. Bxc4 c5 6. O-O a6 7. dxc5 $5 {I wanted to keep things simple against
him.} (7. a4 Nc6 8. Nc3 Be7 9. dxc5 Qxd1 10. Rxd1 Bxc5 11. Bd2 $5 $13 {could
also make part in the same game type of game strategy.}) 7... Qxd1 ({This line
has also its points.} 7... Bxc5 8. Qxd8+ (8. Qe2 $5 {transposes to Alex and
Ivan's favorite line.}) 8... Kxd8 9. Ne5 $1 Ke7 10. Be2 $1 Nbd7 11. Nc4 $1 b6 (
11... Rd8 12. Nbd2) (11... b5 $5 12. Na5 Ne5 (12... Bb6 13. Bd2 $1) 13. Nd2 $5
Bb6 14. Ndb3 Bd7 15. Bd2 $40) 12. Nbd2 Bb7 13. Nb3 {wins the bishop but loses
a lot of tempi.}) 8. Rxd1 Bxc5 9. Nbd2 (9. Be2 $5 {may even be more exact!})
9... O-O 10. Be2 b6 $5 {He does not care about pair of bishops but goes for
development like in my game on the black side against GM Bukic from Ljubljana
1997.} (10... Bd7 $6 {does not work all the time.} 11. Ne5 Bb5 12. Bf3 Nd5 13.
a4 Bc6 14. Nb3 $16) (10... Rd8 $5 11. Ne5 $1 {A move I was not aware during
the game.} Be7 12. Nec4 $1 Nc6 (12... Nbd7 $6 13. Nb3 $1 b6 14. f3 a5 15. e4 a4
16. Nd4 Bc5 17. Be3 Ba6 18. Kf2 $14) 13. Bf3 Bd7 14. b3 Be8 15. Nb6 Rab8 16.
Bb2 Nd7 $11) 11. Nc4 $6 {I have gone for the pair of bishops but the
alternative was much more interesting.} (11. Nb3 $142 $1 Be7 12. Ne5 $1 (12.
Nfd4 $6 e5 $1 {Now f5 square is protected!} (12... Bb7 13. f3 Nbd7 14. e4 Ne5
15. Be3 Rac8 16. Rac1 $14) 13. Nf3 $1 (13. Bf3 $2 Ra7 14. Nc2 Bf5 15. Ne1 Rd7
$36) 13... Nc6 (13... Nbd7 14. Bd2 Re8 $1 15. Bc3 Bf8 $132) 14. Bd2 Re8 15. Bc3
Bf8 $132) (12. Bd2 Bb7 13. Nfd4 Nbd7 14. f3 $14) 12... Bb7 13. f3 $1 $14 {
and white once again builds up the center.} (13. Nd4 Rc8 14. f3 Rc7 15. e4 Nbd7
16. Nxd7 Rxd7 17. Be3 Rad8 18. Kf2 Bc5 19. Nc2 Rxd1 20. Rxd1 Rxd1 21. Bxd1 $11)
) 11... Nbd7 $6 {gives to bishops for the development.} (11... Bb7 $142 12. b4
Bxb4 13. Nxb6 Ra7 14. Rb1 Bc5 15. Na4 Be7 16. Bb2 Be4 17. Bd3 Bxd3 18. Rxd3 Rb7
19. Rbd1 Rc8 $11) 12. Nd6 Bxd6 13. Rxd6 Bb7 {The critical position in the game.
I have become braindead in this moment. My main worries paranoically connected
to my best piece Rd6.} 14. b3 $6 (14. Rd1 Rfc8 (14... Rac8 15. Bd2 $5) 15. Bd2
Ne4 (15... Rc2 $140 $2 16. Nd4) 16. Be1 Ndf6 $14) (14. Ne1 $142 $1 Rfd8 15. f3
Nc5 (15... Ne8 16. Rd1) 16. Rxd8+ Rxd8 17. e4 e5 18. Be3 $16) 14... Rfc8 15.
Bb2 b5 {Now it is the second critical position for the game. Once again I was
sitting there like my brains were surgically removed.} (15... Rc2 $2 16. Bxf6
Nxf6 17. Nd4 Rc7 18. Rxb6 Nd5 19. Rd6 Kf8 20. e4 Nf4 21. Bf3 Ke7 22. Rb6 $16)
16. Ne5 $2 {After this white has to be really very careful.} (16. Rad1 Bd5 17.
Ne1 Nc5 18. Bxf6 gxf6 19. Bf3 Bxf3 20. gxf3 $11) (16. Ne1 $1 {I have seen this
move but I could not calculate well the consequences.} Bd5 17. f3 Nf8 (17...
Nc5 18. Rc1 Ne8 19. Rb6 Nd7 20. Rxc8 Nxb6 21. Rc1 Rc8 22. Rxc8 Nxc8 23. e4 Bc6
24. Nd3 f6 25. Nc5 Nc7 26. Bc3 Nd6 27. Ba5 Nde8 $16) 18. Bxf6 gxf6 19. e4 Rc6
20. Rxc6 Bxc6 21. Rc1 Be8 22. f4 Rd8 23. Kf2 Rd2 24. Rc2 Rxc2 25. Nxc2 $16)
16... Rc2 17. Nxd7 Rxb2 18. Nxf6+ gxf6 $36 {Now black has the upper hand due
to his well placed Rb2.} 19. Bf1 $6 {After a long thought I have come up with
some sort of a defence.} (19. Bh5 $142 $1 {was my first intention.} Be4 {
but I have simply missed this.} 20. Rd7 Bg6 21. Bf3 Rc8 22. h4 Bb1 23. Bh5 Rf8
24. a4 b4 25. Be2 $1 Rxe2 26. Rxb1 Rc8 27. Rb7 $11) ({It is no good to place
the bishop first on d3.} 19. Bd3 $6 f5 20. f3 Rc8 21. Rb6 Rc3 22. Rd1 (22. Bxb5
axb5 23. Rxb7 Rcc2 24. Kh1 Rxg2 25. Rg1 Rxg1+ 26. Kxg1 Rxa2 27. Rxb5 Re2 28.
Re5 Kf8 $17) 22... Bc8 23. Bb1 Kg7 24. Rb8 e5 $17) 19... Rc8 20. f3 f5 {
I was also counting on this.} (20... Rcc2 21. Rb6 $1 Bc8 22. Rb8 Kg7 23. e4 e5
24. Ra8 $11) 21. Rd7 $5 {Once again maybe not the most accurate one.} (21. Rb6
Rc7 22. a4 bxa4 23. Rxa4 Bd5 (23... Kg7 24. Rc4 Rd7 25. Rd4 $11) (23... Rb1 24.
Kf2 Rc2+ 25. Kg3 Rxf1 26. Rxb7 Rff2 27. Rxa6 Rxg2+ 28. Kf4 $11) 24. e4 fxe4 25.
fxe4 Bxb3 26. Rab4 Rc3 27. Rxa6 Rc1 28. e5 $1 h5 (28... Rbb1 29. Rg4+ Kf8 30.
Ra8+ Ke7 31. Ra7+ Kf8 $11) 29. Rab6 Rbb1 30. Rf4 $11) 21... Bd5 22. Ra7 Rc6 {
The most forceful one.} ({After} 22... Ra8 $5 {the coming endings with pawn
down should not pose great difficulties for black to defend.} 23. Rxa8+ Bxa8
24. a4 Bc6 (24... Bd5 25. axb5 axb5 26. Bxb5 Rxb3 27. Be2 Rxe3 28. Kf2 Rc3 29.
f4 $15) 25. Rc1 Bd5 26. axb5 axb5 27. Bxb5 Rxb3 28. Bc6 Bxc6 29. Rxc6 Rxe3 30.
Kf2 Ra3 31. f4 $15) 23. Bd3 $1 {Looking for e4.} (23. Re1 $2 Rxa2 24. Bxb5 Rcc2
25. Bf1 a5 26. Rb1 Ra3 $17 {looks unpleasant for white.}) 23... Rd2 {He wants
to win a tempo.} (23... Rd6 $5 {is very tricky.} 24. Rd1 Kg7 (24... Rxa2 25.
Bxb5 (25. Bb1 $2 Rb2 26. e4 fxe4 27. fxe4 Bxe4 28. Rxd6 Rxb1+ 29. Kf2 Rb2+ 30.
Ke3 Bxg2 31. Rdxa6 Rxb3+ 32. Kd4 Bd5 $19) 25... Rb6 26. Be8 Kg7 27. Rxf7+ Kh6
28. h4 Rxb3 29. Rc1 Rbb2 30. Rcc7 Rxg2+ 31. Kf1 Rgf2+ $11) 25. Bb1 Rb6 26. Rd7
$132) 24. Bf1 Kg7 (24... Rb2 25. Bd3 Rd6 $5 {could be tried.}) 25. a4 $1 {
I have calculated until the possible bishops endgame before producing this.} b4
$8 (25... Bxb3 26. axb5 axb5 27. Bxb5 Rcc2 28. Bf1 Bc4 29. Bxc4 Rxc4 30. R7a2
$11) 26. Rxa6 Rxa6 {It was not the only move.} (26... Rc3 $5 27. Rd6 Rb2 28. a5
Rcxb3 (28... Rbxb3 29. a6 Ra3 30. Rxa3 Rxa3 (30... bxa3 $5 31. a7 a2 32. Ra6
Rc2 33. a8=Q Bxa8 34. Rxa8 Kf6 $11 {ends up in a dynamic equality.}) 31. e4 $1
fxe4 32. fxe4 Bxe4 33. Rd4 f5 34. Rxb4 $11) 29. a6 Rb1 30. Rxb1 Rxb1 31. Kf2 b3
32. Rb6 $11) 27. Bxa6 Bxb3 28. Rb1 $1 {This was the key of my defence. The
bishop ending is better for white.} (28. a5 $2 Ba2 29. Bb7 b3 30. a6 b2 31. Rf1
Rc2 $3 32. a7 Bc4 33. a8=Q Bxf1 34. Qd8 h6 35. Qd4+ Kg6 36. Be4 Bd3 $3 $19)
28... Bxa4 {He better has to liquidate queen's flank.} (28... Rd1+ $2 29. Rxd1
Bxd1 30. a5 b3 (30... Bc2 31. Bc4 b3 32. a6 b2 33. Ba2 Bb3 (33... b1=Q+ $4 34.
Bxb1 Bxb1 35. a7 $18)) 31. Bc4 b2 32. Ba2 Be2 (32... Bc2 $4 33. a6 b1=Q+ 34.
Bxb1 Bxb1 35. a7 $18) 33. Bb1 $1 $18 (33. Kf2 Bd3 34. Ke1 (34. e4 fxe4 35. Ke3
f5 $19) 34... b1=Q+ 35. Bxb1 Bxb1 36. a6 Ba2 37. e4 (37. a7 Bd5) 37... fxe4 38.
fxe4 Bb1 $19 {Of course white would have won this with a king on e2 but it was
impossible.})) 29. Rxb4 Bc6 {Here he offered a draw which I had to accept. End
of an olympiad is always a relief.} 1/2-1/2